000 00898nam a22002657a 4500
999 _c1258
_d1258
003 AR-CdUCM
008 190226b ||||| |||| 00| 0 spa d
020 _a84-206-2048-3
040 _aMUNICIPALIDAD PROVINCIAL DEL CUSCO
_cBIBLIOTECA MUNICIPAL DEL CUSCO
041 _heng
082 _a947 /
_bN85
100 _aNove, Alec
_94886
245 _aHistoria Económica de la Unión Soviética /
260 _aEspaña :
_bAlianza ;
_c1973.
300 _a425 páginas
_bcuadros
_c20cm
440 _aAlianza Universidad
_n48
_94887
505 _aEl comunismo de guerra -- Colectivización -- Industria, trabajo y finanzas -- La gran guerra patriótica -- La era de Jruschov
650 _aGuerra
_91007
650 _aRevolución
_9679
650 _aColectivización
_94888
650 _aReforma
_94889
650 _aUnión Soviética
_9496
942 _2ddc
_cLIBROS
945 _anom
_d2019-02-26